ბათუმის შოთა რუსთაველის სახელმწიფო უნივერსიტეტის ბიბლიოთეკა

Математический анализ. Интегральное исчисление (ბიბ.ჩანაწერი № 48224)

000 -LEADER
fixed length control field 00669nam a2200205Ia 4500
001 - CONTROL NUMBER
control field 15108
003 - CONTROL NUMBER IDENTIFIER
control field GE_BSU
008 - FIXED-LENGTH DATA ELEMENTS--GENERAL INFORMATION
fixed length control field 181216s||||||||xx |||||||||||||| ||und||
040 ## - CATALOGING SOURCE
Transcribing agency GE_BSU
080 ## - UNIVERSAL DECIMAL CLASSIFICATION NUMBER
Universal Decimal Classification number 517.3(075.8)+517.3(075.8)
100 ## - MAIN ENTRY--PERSONAL NAME
Personal name Виленкин, Н.Я. Мордкович,А.Г. Куницкая,Е.С.
245 ## - TITLE STATEMENT
Title Математический анализ. Интегральное исчисление
260 ## - PUBLICATION, DISTRIBUTION, ETC.
Place of publication, distribution, etc. Москва
260 ## - PUBLICATION, DISTRIBUTION, ETC.
Name of publisher, distributor, etc. Просвещение.
260 ## - PUBLICATION, DISTRIBUTION, ETC.
Date of publication, distribution, etc. 1979
300 ## - PHYSICAL DESCRIPTION
Extent 174стр.20см.
653 ## - INDEX TERM--UNCONTROLLED
Uncontrolled term Интегральное исчисление
653 ## - INDEX TERM--UNCONTROLLED
Uncontrolled term Математический анализ
942 ## - ADDED ENTRY ELEMENTS (KOHA)
Koha item type წიგნი
ეგზემპლარები
Withdrawn status Lost status Damaged status Not for loan Date acquired Barcode Date last seen Price effective from Koha item type
        2018-12-17 16961 2018-12-17 2018-12-17 წიგნი
        2018-12-17 17075 2018-12-17 2018-12-17 წიგნი
        2018-12-17 17242 2018-12-17 2018-12-17 წიგნი
        2018-12-17 18604 2018-12-17 2018-12-17 წიგნი